[Event "II Memorial Oliver Gonzalez"]
[Site "Madrid"]
[Date "2011.10.09"]
[Round "2.20"]
[White "Moreno Tejera, Emilio"]
[Black "Lopez Heras, Arturo"]
[Result "1-0"]
[WhiteElo "2280"]
[BlackElo "1904"]
[PlyCount "77"]
[EventDate "2011.10.08"]

1. e4 e5 2. d4 exd4 3. Qxd4 Nc6 4. Qe3 Bb4+ 5. Nc3 Qe7 6. Bd2 Nf6 7. O-O-O O-O
8. Bd3 d6 9. f4 Bg4 10. Re1 Rfe8 11. Qg3 Be6 12. Nge2 d5 13. e5 Nh5 14. Qf3 g6
15. g4 d4 16. Ne4 Bxd2+ 17. Kxd2 f5 18. gxh5 fxe4 19. Bxe4 Qb4+ 20. Kc1 Qc4 21.
hxg6 Nb4 22. gxh7+ Kh8 23. Rhg1 Nxa2+ 24. Kd1 Rad8 25. Bd3 Qb4 26. Qh5 Qxb2 27.
Rg8+ Rxg8 28. hxg8=Q+ Kxg8 29. Qg6+ Kf8 30. Qf6+ Ke8 31. Qxe6+ Kf8 32. Qf6+ Ke8
33. Bg6+ Kd7 34. Bf5+ Ke8 35. Qh8+ Kf7 36. Qxd8 Qb1+ 37. Kd2 Qb4+ 38. Kd3 Qb5+
39. Ke4 1-0

[Event "II Memorial Oliver Gonzalez"]
[Site "Madrid"]
[Date "2011.10.09"]
[Round "2.21"]
[White "Aragon Gutierrez, Alejandro"]
[Black "Madina Yadarola, Martin"]
[Result "0-1"]
[WhiteElo "1732"]
[BlackElo "2269"]
[PlyCount "60"]
[EventDate "2011.10.08"]

1. d4 Nf6 2. Nf3 e6 3. c4 b6 4. g3 Ba6 5. b3 Bb4+ 6. Bd2 Be7 7. Bg2 c6 8. O-O
O-O 9. Qc2 d5 10. Bf4 Nbd7 11. Nbd2 Nh5 12. Rad1 f5 13. Ne5 Nxf4 14. gxf4 Nxe5
15. fxe5 g5 16. e3 g4 17. f4 gxf3 18. Rxf3 Kh8 19. Kh1 Rg8 20. Nf1 Qe8 21. Ng3
Qg6 22. Rg1 Qh6 23. Ne2 Bg5 24. Nf4 Rae8 25. Bf1 dxc4 26. Bxc4 Bb7 27. Rd1 Bxf4
28. Rxf4 b5 29. Be2 c5+ 30. Bf3 Qxf4 0-1

[Event "II Memorial Oliver Gonzalez"]
[Site "Madrid"]
[Date "2011.10.09"]
[Round "2.22"]
[White "Garcia Esteban, Juan Ignacio"]
[Black "Luukkonen, Tommi"]
[Result "1-0"]
[WhiteElo "1965"]
[BlackElo "2256"]
[PlyCount "129"]
[EventDate "2011.10.08"]

1. e4 c5 2. Nf3 d6 3. c3 Nf6 4. d3 g6 5. Be2 Bg7 6. O-O O-O 7. h3 Nc6 8. Nbd2
Nh5 9. Nc4 b5 10. Na3 b4 11. cxb4 cxb4 12. Nc4 d5 13. exd5 Qxd5 14. Nh2 Nd4 15.
Bxh5 gxh5 16. Ne3 Qb5 17. Nf3 Bb7 18. Nxd4 Bxd4 19. a4 Qg5 20. g3 Qg6 21. Kh2
Rad8 22. Ng2 Bxf2 23. Rxf2 Rxd3 24. Qe2 Qxg3+ 25. Kg1 Rfd8 26. Bf4 Qxh3 27. Re1
e6 28. Qe5 h6 29. Qc7 R3d7 30. Qe5 Rd1 31. Bxh6 f6 32. Qe2 Rxe1+ 33. Qxe1 Kh7
34. Bc1 Qg4 35. Bd2 Rg8 36. Qe3 Rg6 37. Qf4 Qxf4 38. Bxf4 e5 39. Bd2 Rg4 40.
Kh2 Kg6 41. Ne3 Rh4+ 42. Kg3 Rd4 43. Kh2 Be4 44. Ng2 Bc6 45. Be3 Re4 46. Bxa7
Bxa4 47. Ne3 Bd7 48. Rd2 Bg4 49. Bc5 Kg5 50. Nd5 {(=)} f5 51. Be7+ Kg6 52. Bxb4
f4 53. Bc5 Re1 54. Rf2 Kf5 55. b4 Rb1 56. Bd6 f3 57. Bc5 Rb3 58. Kg3 Kg5 59.
Be7+ Kg6 60. Bc5 e4 61. Kf4 Rb1 62. Kxe4 h4 63. Kf4 Bh5 64. Rh2 Rb3 65. Ne3 1-0

[Event "II Memorial Oliver Gonzalez"]
[Site "Madrid"]
[Date "2011.10.09"]
[Round "2.25"]
[White "Vargas Huamani, Juan C"]
[Black "Gonzalez Mateo, Rafael"]
[Result "0-1"]
[WhiteElo "1912"]
[BlackElo "2186"]
[PlyCount "78"]
[EventDate "2011.10.08"]

1. c4 e5 2. Nc3 Nf6 3. g3 d5 4. cxd5 Nxd5 5. Bg2 Nb6 6. Nf3 Nc6 7. d3 Be7 8.
O-O O-O 9. a3 Bg4 10. b4 a6 11. Ne4 Re8 12. Bb2 f5 13. Nc5 Bxc5 14. bxc5 Nd7
15. Qc2 Rb8 16. e4 Qe7 17. Rac1 Kh8 18. h3 fxe4 19. dxe4 Bh5 20. Nh4 Nf6 21.
Nf5 Qe6 22. g4 Bg6 23. Rfd1 Rbd8 24. Rxd8 Rxd8 25. Rd1 Rd7 26. Bf3 h6 27. Be2
Rxd1+ 28. Bxd1 Qd7 29. f3 Bf7 30. Kg2 Be6 31. h4 Kh7 32. h5 Bxf5 33. exf5 Qd5
34. Be2 Nxg4 35. f6+ Kh8 36. Qg6 Nxf6 37. Bc1 Ne7 38. Qg3 Nf5 39. Qg6 Nh4+ 0-1

[Event "II Memorial Oliver Gonzalez"]
[Site "Madrid"]
[Date "2011.10.09"]
[Round "2.26"]
[White "Avendaño Mateos, Jose"]
[Black "Aziz Ortego, Omar Luis"]
[Result "1-0"]
[WhiteElo "2002"]
[BlackElo "2168"]
[PlyCount "107"]
[EventDate "2011.10.08"]

1. c4 f5 2. d4 Nf6 3. Nc3 g6 4. Bg5 Bg7 5. Bxf6 Bxf6 6. e4 fxe4 7. Nxe4 Bg7 8.
Nc3 Nc6 9. Nf3 O-O 10. h4 Rxf3 11. Qxf3 Nxd4 12. Qd5+ e6 13. Qe4 c6 14. O-O-O
d5 15. Qe1 b5 16. cxd5 cxd5 17. Kb1 Qf6 18. Qd2 Bd7 19. Bd3 Rf8 20. f3 a6 21.
h5 Nc6 22. hxg6 hxg6 23. Rhe1 Ne5 24. Rc1 b4 25. Nd1 Ba4 26. Re2 Nxd3 27. Qxd3
Bb5 28. Qe3 Bxe2 29. Qxe2 e5 30. Ne3 Qe6 31. Ng4 Re8 32. Qd2 a5 33. Rh1 Rc8 34.
Rc1 Rc6 35. Rxc6 Qxc6 36. Qg5 Qd6 37. Qc1 Qa6 38. Qd1 d4 39. Nf2 Bh6 40. a3 Be3
41. Ng4 Bf4 42. Qb3+ Kg7 43. axb4 a4 44. b5 Qc8 45. Qd5 a3 46. bxa3 Qc1+ 47.
Ka2 Qc2+ 48. Ka1 Qc3+ 49. Ka2 d3 50. Qd7+ Kh8 51. Qe8+ Kh7 52. Qf7+ Kh8 53.
Qf8+ Kh7 54. Nf6# 1-0

[Event "II Memorial Oliver Gonzalez"]
[Site "Madrid"]
[Date "2011.10.09"]
[Round "2.27"]
[White "Ciuro Muñoz, Ricardo"]
[Black "De Dompablo Fantova, Juan"]
[Result "1-0"]
[WhiteElo "2156"]
[BlackElo "1725"]
[PlyCount "87"]
[EventDate "2011.10.08"]

1. e4 c5 2. Nf3 d6 3. d4 cxd4 4. Nxd4 Nf6 5. Nc3 g6 6. Be3 Bg7 7. f3 O-O 8. Bc4
Nc6 9. Qd2 Bd7 10. O-O-O Rc8 11. Bb3 Ne5 12. Kb1 Nc4 13. Bxc4 Rxc4 14. g4 b5
15. b3 Rc7 16. Ndxb5 Bxb5 17. Nxb5 Rb7 18. Nc3 a5 19. Bh6 Bxh6 20. Qxh6 Qc7 21.
Rd3 Rc8 22. Qd2 Qc6 23. Nd5 Nxd5 24. exd5 Qc5 25. a4 Rbc7 26. Rc1 Qb6 27. Ka2
Rc5 28. c4 R5c7 29. h4 Kg7 30. h5 h6 31. f4 gxh5 32. gxh5 Kh7 33. Rg3 Rg8 34.
Rxg8 Kxg8 35. Qg2+ Kf8 36. Qd2 Rc8 37. f5 Kg7 38. Qg2+ Kh7 39. f6 Rg8 40. Qe4+
Kh8 41. fxe7 Qf2+ 42. Rc2 f5 43. Rxf2 fxe4 44. Rf8 1-0

[Event "II Memorial Oliver Gonzalez"]
[Site "Madrid"]
[Date "2011.10.09"]
[Round "2.29"]
[White "Lozano Sanchez, Jose Antonio"]
[Black "Martin Duque, Jesus"]
[Result "0-1"]
[WhiteElo "1895"]
[BlackElo "2136"]
[PlyCount "90"]
[EventDate "2011.10.08"]

1. e4 d6 2. Nf3 Nf6 3. Nc3 g6 4. Bc4 Bg7 5. d3 O-O 6. O-O c6 7. a4 a5 8. Bf4 e5
9. Bd2 Nbd7 10. h3 Nc5 11. Nh2 d5 12. exd5 cxd5 13. Bb5 d4 14. Ne2 Nd5 15. Ng3
f5 16. Re1 Kh8 17. Nf3 Qd6 18. Qc1 f4 19. Ne4 Nxe4 20. Rxe4 Bf5 21. Re2 g5 22.
Qe1 g4 23. Nxe5 gxh3 24. g3 f3 25. Nc4 Qg6 26. Re5 h2+ 27. Kh1 Nf6 28. Rxf5
Qxf5 29. Nd6 Qd5 30. Qe7 Qh5 31. Bd7 Rae8 32. Nxe8 Rxe8 33. Qd6 Rd8 34. Re1
Nxd7 35. Qf4 Rf8 36. Qh4 Qxh4 37. gxh4 Be5 38. Bxa5 Rg8 39. c3 Rg2 40. cxd4 Bf4
41. Bc3 Kg8 42. d5 Rxf2 43. Bd4 Re2 44. Rf1 Kf7 45. Bf2 Ne5 0-1

[Event "II Memorial Oliver Gonzalez"]
[Site "Madrid"]
[Date "2011.10.09"]
[Round "2.30"]
[White "Rodrigo Yanguas, Maria"]
[Black "Martinez Martinez, Antonio"]
[Result "1-0"]
[WhiteElo "2135"]
[BlackElo "1702"]
[PlyCount "77"]
[EventDate "2011.10.08"]

1. e4 g6 2. d4 d6 3. Be3 c6 4. Nc3 Bg7 5. Qd2 Nf6 6. Bh6 O-O 7. Nf3 Bg4 8. h4
Nbd7 9. Bxg7 Kxg7 10. Nh2 e5 11. f3 Be6 12. d5 cxd5 13. exd5 Nxd5 14. Nxd5
Qxh4+ 15. Kd1 Nc5 16. Be2 f5 17. g3 Qd8 18. Nf1 g5 19. Bc4 f4 20. Qh2 Bf5 21.
Qh6+ Kh8 22. g4 Ne4 23. Rh2 Qd7 24. gxf5 Ng3 25. Nf6 Rxf6 26. Qxf6+ Qg7 27.
Qxg7+ Kxg7 28. Nxg3 fxg3 29. Rg2 Rf8 30. Rxg3 Rxf5 31. Bd3 Rf4 32. Rxg5+ Kf6
33. Rf5+ Rxf5 34. Bxf5 Kxf5 35. Ke2 h5 36. Rd1 h4 37. Rxd6 Kg5 38. Kf2 h3 39.
Kg3 1-0

[Event "II Memorial Oliver Gonzalez"]
[Site "Madrid"]
[Date "2011.10.09"]
[Round "2.32"]
[White "Lopez Mulet, Inigo"]
[Black "Blanco Sanchez, Jose Fernando"]
[Result "1-0"]
[WhiteElo "1839"]
[BlackElo "2115"]
[PlyCount "113"]
[EventDate "2011.10.08"]

1. d4 d6 2. c4 e5 3. e3 Be7 4. Nc3 c6 5. Nf3 Nd7 6. Bd3 Ngf6 7. O-O O-O 8. h3
Ne8 9. Qc2 g6 10. e4 Ng7 11. Bh6 Bf6 12. d5 c5 13. Kh1 Re8 14. g4 Nf8 15. Qd2
Be7 16. Ne2 f6 17. Be3 f5 18. gxf5 gxf5 19. exf5 Nxf5 20. Kh2 Qd7 21. Nfg1 Ng6
22. Ng3 Nxe3 23. fxe3 Bh4 24. Nf5 e4 25. Nh6+ Kg7 26. Rf7+ Kxh6 27. Rxd7 Bxd7
28. Be2 Ne5 29. Rf1 Rf8 30. Qd1 Bg5 31. Qe1 Rxf1 32. Bxf1 Rf8 33. b3 Nf3+ 34.
Nxf3 Rxf3 35. Bg2 Rxe3 36. Qf2 Kg7 37. a3 Rd3 38. b4 b6 39. bxc5 bxc5 40. Qb2+
Kh6 41. Qe2 Bf4+ 42. Kg1 Be3+ 43. Kf1 Rc3 44. Qb2 Bd4 45. Qb8 Rc1+ 46. Ke2 Rc2+
47. Ke1 Rxg2 48. Qxd6+ Kg5 49. Qxd7 Kf4 50. Qf7+ Ke3 51. Kf1 Rb2 52. Qf5 Kd3
53. d6 Rb1+ 54. Kg2 Rb2+ 55. Kg3 Rb8 56. d7 Rg8+ 57. Kh2 1-0

[Event "II Memorial Oliver Gonzalez"]
[Site "Madrid"]
[Date "2011.10.09"]
[Round "2.33"]
[White "Fernandez Gil, Ruben Carlos"]
[Black "Garcia Diaz, Victor Manuel"]
[Result "1-0"]
[WhiteElo "1878"]
[BlackElo "2114"]
[PlyCount "89"]
[EventDate "2011.10.08"]

1. e4 d5 2. exd5 Nf6 3. d4 Bg4 4. Nf3 Nxd5 5. Be2 e6 6. O-O Be7 7. c4 Nb6 8.
Qb3 Nc6 9. d5 exd5 10. Rd1 d4 11. Be3 Bc5 12. Qb5 Qd6 13. Bxd4 Bxd4 14. Rxd4
Qe6 15. Ng5 Qxe2 16. Re4+ Qxe4 17. Nxe4 O-O-O 18. Nbc3 Rhe8 19. f3 Be6 20. b3
h6 21. Na4 f5 22. Nec5 Nd4 23. Qa5 Nc6 24. Qc3 Nd4 25. Re1 Bf7 26. Rxe8 Bxe8
27. Kf2 f4 28. Nxb6+ axb6 29. Ne4 c5 30. b4 Bc6 31. bxc5 Bxe4 32. fxe4 bxc5 33.
Qa5 Ne6 34. Qb6 Kd7 35. Qxb7+ Kd6 36. a4 Ke5 37. a5 Rd6 38. a6 Ng5 39. Qe7+ Re6
40. Qxc5+ Kf6 41. Qf8+ Ke5 42. a7 Nxe4+ 43. Ke1 Kd4 44. a8=Q Ng3+ 45. Kd1 1-0

[Event "II Memorial Oliver Gonzalez"]
[Site "Madrid"]
[Date "2011.10.09"]
[Round "2.37"]
[White "Suarez Uriel, Adrian"]
[Black "Hernandez Mateo, Borja"]
[Result "1-0"]
[WhiteElo "2197"]
[BlackElo "1746"]
[PlyCount "41"]
[EventDate "2011.10.08"]

1. d4 d5 2. c4 e5 3. dxe5 d4 4. a3 Nc6 5. Nf3 Nge7 6. e3 Bg4 7. h3 Bxf3 8. Qxf3
Ng6 9. Qe4 Be7 10. f4 Bh4+ 11. Ke2 dxe3 12. Bxe3 O-O 13. Nc3 f5 14. Qd5+ Kh8
15. Qxd8 Raxd8 16. Nd5 Nge7 17. Nxc7 Nd4+ 18. Bxd4 Rxd4 19. Ne6 Re4+ 20. Kf3
Nc6 21. g3 1-0

[Event "II Memorial Oliver Gonzalez"]
[Site "Madrid"]
[Date "2011.10.09"]
[Round "2.40"]
[White "Tevar Sanz, Gonzalo"]
[Black "Hernando Rodrigo, Jose Maria"]
[Result "0-1"]
[WhiteElo "1868"]
[BlackElo "2328"]
[PlyCount "56"]
[EventDate "2011.10.08"]

1. d4 d5 2. Bf4 Nf6 3. e3 g6 4. Nf3 Bg7 5. Be2 O-O 6. h3 c5 7. O-O Qb6 8. Nc3
cxd4 9. exd4 Bf5 10. Nb5 Rc8 11. c3 a6 12. Bc7 Rxc7 13. Nxc7 Qxc7 14. Qb3 Nc6
15. Rfe1 Na5 16. Qa3 Bf8 17. Ne5 b5 18. b4 Nc4 19. Bxc4 dxc4 20. Qb2 Nd7 21.
Nf3 Nb6 22. Re5 Bg7 23. Rc5 Qd6 24. Qa3 Na4 25. Re1 Nxc5 26. bxc5 Qd5 27. Nh4
Be4 28. Qb2 Bf8 0-1

[Event "II Memorial Oliver Gonzalez"]
[Site "Madrid"]
[Date "2011.10.09"]
[Round "2.41"]
[White "Salgado Duarte, Pablo"]
[Black "Renteria, Jorge"]
[Result "0-1"]
[WhiteElo "1484"]
[BlackElo "2319"]
[PlyCount "68"]
[EventDate "2011.10.08"]

1. d4 Nf6 2. c4 c5 3. Nf3 cxd4 4. Nxd4 e5 5. Nf3 e4 6. Nd4 Nc6 7. Nc3 Bc5 8.
Nxc6 bxc6 9. e3 O-O 10. Be2 d5 11. O-O Be6 12. cxd5 cxd5 13. Qc2 Rc8 14. Qa4
Qd6 15. Rd1 Qe5 16. Nb5 Bd7 17. Qb3 Rb8 18. Qa4 Qe8 19. Qc2 Bxb5 20. Bxb5 Qxb5
21. a4 Qb3 22. Qe2 Bd6 23. Rd2 Rfc8 24. Rd4 Be5 25. Rd2 Qc4 26. Qd1 h5 27. Rb1
Rb3 28. Re2 Qd3 29. Qxd3 Rxd3 30. Bd2 Rc2 31. Rd1 Rxb2 32. Kf1 Ng4 33. g3 Nxh2+
34. Kg2 Nf3 0-1

[Event "II Memorial Oliver Gonzalez"]
[Site "Madrid"]
[Date "2011.10.09"]
[Round "2.42"]
[White "Minondo Torres, Alvaro"]
[Black "Cabañas Jimenez, Manuel"]
[Result "0-1"]
[WhiteElo "1835"]
[BlackElo "2102"]
[PlyCount "29"]
[EventDate "2011.10.08"]

1. d4 Nf6 2. c4 g6 3. Nc3 d5 4. Nf3 Bg7 5. Bf4 c5 6. e3 cxd4 7. Nxd4 O-O 8.
cxd5 Nxd5 9. Nxd5 Qxd5 10. Bxb8 Rxb8 11. Qa4 Bd7 12. Qb4 Rfd8 13. Nf3 a5 14.
Qa3 Bg4 15. Be2 0-1

[Event "II Memorial Oliver Gonzalez"]
[Site "Madrid"]
[Date "2011.10.09"]
[Round "2.43"]
[White "Rodriguez Bachiller, Luis"]
[Black "Pinel Mirasierra, Jose Pablo"]
[Result "0-1"]
[WhiteElo "1777"]
[BlackElo "2097"]
[PlyCount "48"]
[EventDate "2011.10.08"]

1. Nf3 f5 2. e3 Nc6 3. d4 d5 4. c4 e6 5. Nc3 Nf6 6. Be2 Be7 7. O-O O-O 8. a3 a5
9. Qc2 Bd7 10. cxd5 exd5 11. Bd3 g6 12. h4 Be6 13. Ng5 Qd7 14. Nxe6 Qxe6 15.
Na4 Ne4 16. g3 Rf7 17. Bxe4 fxe4 18. Kg2 b6 19. Qe2 Raf8 20. Nc3 Rf3 21. Bd2
Bd6 22. Rae1 Qg4 23. Rg1 Bxg3 24. fxg3 Rxg3+ 0-1

[Event "II Memorial Oliver Gonzalez"]
[Site "Madrid"]
[Date "2011.10.09"]
[Round "2.44"]
[White "Tevar Becerra, Alvaro"]
[Black "Vilarnovo Caamaño, Jose"]
[Result "1/2-1/2"]
[WhiteElo "1477"]
[BlackElo "2087"]
[PlyCount "68"]
[EventDate "2011.10.08"]

1. e4 c5 2. Nf3 Nc6 3. c3 d5 4. e5 Bg4 5. Bb5 a6 6. Bxc6+ bxc6 7. d4 e6 8. O-O
h5 9. h3 Bf5 10. Re1 cxd4 11. Nxd4 Ne7 12. Bg5 Qd7 13. Qa4 Bxb1 14. Raxb1 c5
15. Qxd7+ Kxd7 16. Nb3 Nf5 17. g4 hxg4 18. hxg4 Nh6 19. f3 c4 20. Nd4 Bc5 21.
Kg2 Ng8 22. Rh1 Rxh1 23. Rxh1 Rb8 24. Bc1 Bxd4 25. cxd4 g6 26. Rh7 Ke8 27. Rh8
Kf8 28. Bh6+ Ke7 29. Bg5+ Kd7 30. Bc1 Kc6 31. Rh7 f6 32. exf6 Nxf6 33. Rg7 Rg8
34. Re7 Re8 1/2-1/2

[Event "II Memorial Oliver Gonzalez"]
[Site "Madrid"]
[Date "2011.10.09"]
[Round "2.48"]
[White "Farre Selma, David"]
[Black "Perez De Aranda A., Leonardo I"]
[Result "1/2-1/2"]
[WhiteElo "1841"]
[BlackElo "2142"]
[PlyCount "71"]
[EventDate "2011.10.08"]

1. e4 c5 2. Nf3 d6 3. b3 Nf6 4. Nc3 e6 5. Bb2 Be7 6. Bb5+ Nbd7 7. d4 cxd4 8.
Nxd4 O-O 9. O-O Nc5 10. Bd3 a6 11. Nf3 e5 12. h3 b5 13. b4 Nxd3 14. Qxd3 Be6
15. Rfd1 Qc7 16. a4 bxa4 17. Rxa4 Bc4 18. Qe3 Qc6 19. Nd2 Be6 20. Rda1 d5 21.
exd5 Nxd5 22. Nxd5 Bxd5 23. Bxe5 f6 24. Bd4 Bd6 25. b5 axb5 26. Rxa8 Rxa8 27.
Rxa8+ {(=)} Qxa8 28. f3 Qc6 29. c3 h6 30. Qd3 Bc7 31. Qg6 b4 32. cxb4 Qc1+ 33.
Nf1 Bc4 34. Qe8+ Kh7 35. Qe4+ Kg8 36. Qe8+ 1/2-1/2

[Event "II Memorial Oliver Gonzalez"]
[Site "Madrid"]
[Date "2011.10.09"]
[Round "2.49"]
[White "Garcia Saez, Juan Carlos"]
[Black "Magan Gonzalez, Alberto"]
[Result "1-0"]
[WhiteElo "2070"]
[BlackElo "1821"]
[PlyCount "71"]
[EventDate "2011.10.08"]

1. e4 c5 2. Nf3 d6 3. Nc3 Nf6 4. d4 cxd4 5. Nxd4 a6 6. Be2 e5 7. Nb3 Be6 8. O-O
Be7 9. f4 Qc7 10. f5 Bc4 11. Be3 Nbd7 12. Nd2 Bxe2 13. Qxe2 b5 14. a3 Rc8 15.
Rac1 Nb6 16. Kh1 Nc4 17. Nxc4 Qxc4 18. Qf3 b4 19. axb4 Qxb4 20. Rb1 O-O 21. Bg5
Qb7 22. Bxf6 Bxf6 23. Qd3 Rc6 24. Nd5 Rfc8 25. c3 Bd8 26. b4 f6 27. h3 Qb5 28.
Qxb5 axb5 29. Ra1 Rc4 30. Rfe1 g6 31. g4 h5 32. Ra7 hxg4 33. hxg4 g5 34. Kg2
Kf8 35. Rh1 Kg8 36. Rah7 1-0

[Event "II Memorial Oliver Gonzalez"]
[Site "Madrid"]
[Date "2011.10.09"]
[Round "2.51"]
[White "Cavalle Pulla, Daniel"]
[Black "Alonso Herrero, Ignacio"]
[Result "1-0"]
[WhiteElo "1987"]
[BlackElo "1812"]
[PlyCount "121"]
[EventDate "2011.10.08"]

1. e4 e5 2. Nf3 Nc6 3. Bc4 Bc5 4. c3 d6 5. d4 exd4 6. cxd4 Bb6 7. h3 h6 8. O-O
Qf6 9. Be3 Qg6 10. Kh2 Qxe4 11. Bxh6 Nge7 12. Bxf7+ Kf8 13. Be3 Nf5 14. Bg6 Qe6
15. Bxf5 Qxf5 16. Nc3 Bd7 17. Ne2 Rxh3+ 18. gxh3 Qxh3+ 19. Kg1 Qxf3 20. Ng3 Qd5
21. Ne2 Ke7 22. Nf4 Qg5+ 23. Ng2 Qg6 24. Re1 Bh3 25. Bg5+ Kd7 26. Qf3 Qf5 27.
Qxf5+ Bxf5 28. d5 Ne5 29. Nh4 Rf8 30. Kg2 Bxf2 31. Kxf2 Nd3+ 32. Kg3 Nxe1 33.
Rxe1 Bd3 34. Re7+ Kc8 35. Rxg7 b6 36. Bf4 Be4 37. Ng6 Bxg6 38. Rxg6 Re8 39. Kf3
Re1 40. Rg2 Rf1+ 41. Ke4 Re1+ 42. Kf5 Rf1 43. Rh2 Kb7 44. Rc2 Re1 45. a3 Re8 {
(=)} 46. Bg3 Re3 47. Rc3 Re2 48. b3 Kb8 49. Bf4 Kb7 50. Re3 Rf2 51. a4 Kc8 52.
Re4 Rf3 53. b4 Kd7 54. Rc4 Rf2 55. Kg6 Rg2+ 56. Bg5 Rg3 57. Rf4 Rd3 58. Rf5 Rd4
59. b5 Rxa4 60. Rf8 c5 61. bxc6+ 1-0

[Event "II Memorial Oliver Gonzalez"]
[Site "Madrid"]
[Date "2011.10.09"]
[Round "2.52"]
[White "Sanchez Tapia, Luis G"]
[Black "Gomez Ferrer, Jesus"]
[Result "0-1"]
[WhiteElo "1638"]
[BlackElo "1942"]
[PlyCount "32"]
[EventDate "2011.10.08"]

1. e4 c5 2. Nf3 d6 3. d4 cxd4 4. Nxd4 Nf6 5. Nc3 a6 6. a4 e5 7. Nb3 Be6 8. Bg5
Be7 9. Bxf6 Bxf6 10. Nd5 Nd7 11. Qd2 O-O 12. Bc4 Rc8 13. Nxf6+ Nxf6 14. Bxe6
fxe6 15. f3 Qb6 16. Ke2 Nxe4 0-1

[Event "II Memorial Oliver Gonzalez"]
[Site "Madrid"]
[Date "2011.10.09"]
[Round "2.53"]
[White "Padin Lazaro, Jose Manuel"]
[Black "Rodriguez Vignote, Javier"]
[Result "1-0"]
[WhiteElo "1737"]
[BlackElo "1934"]
[PlyCount "75"]
[EventDate "2011.10.08"]

1. e4 e6 2. d4 d5 3. Nc3 Nf6 4. Bg5 dxe4 5. Nxe4 Be7 6. Bxf6 Bxf6 7. Nf3 Nd7 8.
Bd3 c5 9. c3 cxd4 10. Nxf6+ Nxf6 11. Nxd4 O-O 12. O-O e5 13. Nb3 Qc7 14. Qc2
Be6 15. Bf5 Bd5 16. Nd2 g6 17. Ne4 Nh5 18. Bh3 f5 19. Nd2 Nf4 20. c4 Rac8 21.
b3 Qe7 22. f3 b5 23. Rae1 bxc4 24. bxc4 Nxh3+ 25. gxh3 Qc5+ 26. Kg2 e4 27. Rc1
exf3+ 28. Nxf3 Bxc4 29. Rf2 Qa3 30. Qd1 Rfd8 31. Qe1 Re8 32. Rxc4 Rxe1 33.
Rxc8+ Kg7 34. Nxe1 Qe3 35. Nf3 g5 36. Rd2 g4 37. Rd7+ Kh6 38. Rc6+ 1-0

[Event "II Memorial Oliver Gonzalez"]
[Site "Madrid"]
[Date "2011.10.09"]
[Round "2.54"]
[White "Camarero Izquierdo, Juan Carlos"]
[Black "Sierra Soria, Maria"]
[Result "0-1"]
[WhiteElo "1933"]
[BlackElo "1782"]
[PlyCount "124"]
[EventDate "2011.10.08"]

1. d4 f5 2. Nc3 Nf6 3. Bg5 d5 4. Bxf6 exf6 5. Qd3 c6 6. O-O-O Be6 7. f3 Na6 8.
e4 dxe4 9. fxe4 Qd7 10. d5 Bf7 11. dxc6 Qxc6 12. exf5 Be7 13. Qe3 Nc7 14. Nf3
Qc5 15. Qxc5 Bxc5 16. Re1+ Kd7 17. Ne4 Be7 18. Rd1+ Kc6 19. Nd4+ Kb6 20. g4 Nd5
21. Ne6 Bxe6 22. fxe6 Rad8 23. Rd3 Nf4 24. Rb3+ Kc7 25. Rc3+ Kb6 26. Bc4 Rd4
27. Ng3 Bb4 28. Bb3 Bxc3 29. bxc3 Rd6 30. Re1 Re8 31. e7 Ng6 32. Nf5 Rd7 33.
Bf7 Rdxe7 34. Nxe7 Rxe7 35. Rxe7 Nxe7 36. Kd2 Kc5 37. Kd3 Nc6 38. Ke4 Ne5 39.
Be6 Kd6 40. Bc8 Kc7 41. Be6 Kd6 42. Bg8 Nxg4 43. h4 f5+ 44. Kf4 Nf6 45. Bc4 g6
46. Kg5 Ke7 47. Kh6 Ne4 48. Kxh7 Kf6 49. Bd5 b6 50. a4 Nxc3 51. Bc6 Ne4 52. Kg8
Nd6 53. Kf8 f4 54. c3 Nf5 55. Ke8 Nxh4 56. Kd7 f3 57. Kc7 f2 58. Bb5 Nf5 59.
Kb7 Nd6+ 60. Kxa7 Nxb5+ 61. axb5 f1=Q 62. Kxb6 Qc4 0-1

[Event "II Memorial Oliver Gonzalez"]
[Site "Madrid"]
[Date "2011.10.09"]
[Round "2.56"]
[White "Garcia Serrano, Jose M. Ii"]
[Black "Sierra Bermejo, Gregorio"]
[Result "1/2-1/2"]
[WhiteElo "1898"]
[BlackElo "1691"]
[PlyCount "53"]
[EventDate "2011.10.08"]

1. e4 c5 2. d4 cxd4 3. c3 dxc3 4. Nxc3 Nc6 5. Nf3 Qc7 6. Bc4 e6 7. O-O Nf6 8.
Nb5 Qb8 9. e5 Ng4 10. Nd6+ Bxd6 11. exd6 a6 12. Bf4 b5 13. Bb3 Bb7 14. Re1 O-O
15. h3 Nf6 16. Bg5 Kh8 17. Qd2 Ng8 18. Rad1 f6 19. Bf4 Qe8 20. Bc2 f5 21. Bg5
Nf6 22. Bxf5 Qh5 23. Bxf6 Qxf5 24. Be7 Rfe8 25. Nh4 Qh5 26. Bg5 Rf8 27. Be7
1/2-1/2

[Event "II Memorial Oliver Gonzalez"]
[Site "Madrid"]
[Date "2011.10.09"]
[Round "2.57"]
[White "Morona Minguez, Miguel"]
[Black "Morona Minguez, Irene"]
[Result "0-1"]
[WhiteElo "1549"]
[BlackElo "1894"]
[PlyCount "62"]
[EventDate "2011.10.08"]

1. c4 Nf6 2. b3 g6 3. Nc3 Bg7 4. Bb2 O-O 5. e3 d6 6. Nf3 Nbd7 7. d4 e5 8. Be2
c6 9. O-O e4 10. Nd2 d5 11. f3 Qe7 12. Qc1 Re8 13. fxe4 Nxe4 14. Ncxe4 dxe4 15.
Rf2 Qg5 16. Nf1 Nf6 17. Qd2 Bg4 18. Bxg4 Nxg4 19. Rf4 Bh6 20. g3 Qh5 21. Rxg4
Qxg4 22. d5 Bg7 23. Bxg7 Kxg7 24. Qd4+ f6 25. Nd2 h5 26. Rf1 Re5 27. d6 c5 28.
Qc3 Rd8 29. Rf4 Qd1+ 30. Kg2 Rxd6 31. Nxe4 Rxe4 0-1

[Event "II Memorial Oliver Gonzalez"]
[Site "Madrid"]
[Date "2011.10.09"]
[Round "2.58"]
[White "Hernandez Gutierrez, Jose"]
[Black "Ruiz Bazaga, Miriam"]
[Result "1-0"]
[WhiteElo "1890"]
[BlackElo "1624"]
[PlyCount "31"]
[EventDate "2011.10.08"]

1. e4 e5 2. Nf3 Nc6 3. Bb5 Nf6 4. O-O Bc5 5. c3 d5 6. Nxe5 Bd7 7. Nxd7 Qxd7 8.
exd5 Qxd5 9. Qe2+ Be7 10. Re1 Qd6 11. d4 Nd5 12. c4 Nf6 13. Bf4 Qd7 14. d5 Rb8
15. Nc3 a6 16. dxc6 1-0

[Event "II Memorial Oliver Gonzalez"]
[Site "Madrid"]
[Date "2011.10.09"]
[Round "2.59"]
[White "De La Orden Alcocer, Alejandro"]
[Black "Folgar Lopez, Angel"]
[Result "1-0"]
[WhiteElo "1852"]
[BlackElo "1615"]
[PlyCount "67"]
[EventDate "2011.10.08"]

1. c4 c5 2. Nc3 Nc6 3. g3 g6 4. Bg2 Bg7 5. Nf3 Nf6 6. O-O O-O 7. d3 d6 8. Rb1
a6 9. a3 Qc7 10. b4 Nd7 11. Nd5 Qd8 12. Bb2 e6 13. Bxg7 Kxg7 14. Nc3 Ne7 15.
Qd2 Nf5 16. Qb2 f6 17. Ne4 Qe7 18. g4 Nh6 19. h3 Kf7 20. Qd2 Ng8 21. d4 b6 22.
dxc5 dxc5 23. bxc5 bxc5 24. Nd6+ Kg7 25. Ne5 Nxe5 26. Bxa8 Rd8 27. Nxc8 Rxd2
28. Nxe7 Nxe7 29. Bf3 Nxc4 30. Rfc1 Nxa3 31. Rb7 Kf7 32. Rxc5 Nb5 33. Bc6 Nd4
34. e3 1-0

[Event "II Memorial Oliver Gonzalez"]
[Site "Madrid"]
[Date "2011.10.09"]
[Round "2.60"]
[White "Garcia-Ines Sanchez, Gustavo"]
[Black "Merino Araguas, Jose Javier"]
[Result "0-1"]
[WhiteElo "1633"]
[BlackElo "1848"]
[PlyCount "86"]
[EventDate "2011.10.08"]

1. e4 e6 2. Nf3 d5 3. exd5 exd5 4. d4 Bg4 5. Be2 Bd6 6. Nbd2 Ne7 7. Nf1 Nd7 8.
Ne3 Bh5 9. O-O O-O 10. Re1 c6 11. Ng5 Bxe2 12. Qxe2 h6 13. Nf3 Re8 14. Bd2 Nf5
15. Qd3 Nxe3 16. Rxe3 Rxe3 17. Bxe3 Qf6 18. Re1 Re8 19. c3 Bb8 20. Bd2 Rxe1+
21. Bxe1 Qe6 22. g3 Nf6 23. Qe3 Qxe3 24. fxe3 Ne4 25. Ne5 Bxe5 26. dxe5 Nc5 27.
g4 Nd3 28. Bg3 Nxb2 29. Kf2 Na4 30. Ke2 Nxc3+ 31. Kd3 Ne4 32. Be1 Kf8 33. Kd4
Ke7 34. h4 Ke6 35. a4 g5 36. hxg5 Nxg5 37. Bb4 Nf3+ 38. Kc3 Nxe5 39. Bf8 Nxg4
40. Kd4 h5 41. e4 h4 42. exd5+ cxd5 43. Bc5 h3 0-1